| 000 | 00520nam a2200205Ia 4500 | ||
|---|---|---|---|
| 003 | GCL | ||
| 008 | 140319s9999 xx 000 0 eng d | ||
| 040 |
_aGCL / _cGCL |
||
| 082 | 0 | 4 |
_a338.4791 _bT C |
| 100 | 1 | _aGILBERT, DAWID | |
| 245 | 1 | 0 |
_aTOURISM : PRINCIPLES & PRACTICE / _cGILBERT, DAWID |
| 700 | 1 | _aCOOPER,CHRIS | |
| 700 | 1 | _aFLETCHER, JOHN | |
| 700 | 1 | _aWANHILL, STEPHEN | |
| 260 |
_a[S.N] : _bPITMAN PUBLISHING ، _c1993 |
||
| 300 | _a290 P | ||
| 650 | 0 | 4 | _aTOURISM |
| 650 | 0 | 4 | _aTRAVEL |
| 942 |
_2ddc _cBK |
||
| 999 |
_c19548 _d19548 |
||